Central Library OPAC University of Rajshahi

اردو غزل ;; Urdu Ghazal / (Record no. 86204)

MARC details
000 -LEADER
fixed length control field 00646nam a22002057a 4500
001 - CONTROL NUMBER
control field 86204
003 - CONTROL NUMBER IDENTIFIER
rucl marc code BD-RjUL
005 - DATE AND TIME OF LATEST TRANSACTION
control field 20260224112303.0
008 - FIXED-LENGTH DATA ELEMENTS--GENERAL INFORMATION
fixed length control field 260224b |||||||| |||| 00| 0 eng d
035 ## - SYSTEM CONTROL NUMBER
System control number (BD-RjUL)86204
040 ## - CATALOGING SOURCE
Original cataloging agency BD-RjUL
Language of cataloging eng
Transcribing agency BD-RjUL
041 ## - LANGUAGE CODE
Language code of text/sound track or separate title urd
082 ## - DEWEY DECIMAL CLASSIFICATION NUMBER
Edition number 23
Classification number 891.4391
Author mark and year KHU 1957
100 ## - MAIN ENTRY--PERSONAL NAME
Personal name خان، یوسف حسین ;;Khan, Yousuf Hussain
9 (RLIN) 17777
245 ## - TITLE STATEMENT
Title اردو غزل ;; Urdu Ghazal /
Statement of responsibility, etc. یوسف حسین خان ;; Yousuf Hussain Khan
260 ## - PUBLICATION, DISTRIBUTION, ETC. (IMPRINT)
Place of publication, distribution, etc. علی گڑھ :Aligarh :
Name of publisher, distributor, etc. انجمن ترقی اردو ,
Date of publication, distribution, etc. 1957
300 ## - PHYSICAL DESCRIPTION
Pagination 736 p. ;
Size 21 cm
650 ## - SUBJECT ADDED ENTRY--TOPICAL TERM
Topical term or geographic name as entry element Urdu Ghajal
9 (RLIN) 17778
942 ## - ADDED ENTRY ELEMENTS (KOHA)
Source of classification or shelving scheme Dewey Decimal Classification
Koha item type Books
Holdings
Lost status Source of classification or shelving scheme Damaged status Not for loan Collection code Permanent Location Current Location Shelving location Date acquired Source of acquisition Total Checkouts Full call number Date last seen Copy number Koha item type
  Dewey Decimal Classification     Non-fiction Central Library, University of Rajshahi Central Library, University of Rajshahi General Stacks 11/04/1968 Kegan Poul   891.4391 KHU 1957 24/02/2026 C-2 Books